Normal view
MARC view
- Hughes, A.G
Entry Personal Name
001 - CONTROL NUMBER
- control field: 9202
003 - CONTROL NUMBER IDENTIFIER
- control field: NUST
005 - DATE AND TIME OF LATEST TRANSACTION
- control field: 20180120133438.0
008 - FIXED-LENGTH DATA ELEMENTS
- fixed length control field: 180120|| aca||aabn | a|a d
040 ## - CATALOGING SOURCE
- Original cataloging agency: NUST
- Transcribing agency: NUST
100 ## - HEADING--PERSONAL NAME
- Personal name: Hughes, A.G
670 ## - SOURCE DATA FOUND
- Source citation: Work cat.: (NUST)328233: Hughes, A.G, Learning & Teaching, 1960
